00972cam a2200265 a 450000100060000000300080000600500170001400800410003103500190007203500140009104000270010504100080013208200240014010000550016424500890021926000420030830000200035050400410037060000490041160000480046065000350050894200120054399900170055595201340057219836BD-RjUL20211209000502.0140225s1958 enk b 00011 eng d a(BD-RjUL)19897 a(BD-RjUL) aANLcANLbengdBD-RjUL aeng00a821.7220bMOE 19581 aMorton, A. L.q(Arthur Leslie),d1903-1987.96091714aThe everlasting gospel :ba study in the sources of William Blake /cby A.L. Morton. aLondon :bLawrence & Wishart,cc1958. a64 p. ;c19 cm. aIncludes bibliographical references.10aBlake, William,d1757-1827xReligion.96092210aBlake, William,d1757-1827xSources.960923 0aReligion in literature.955235 2ddccBK c19836d19836 00102ddc40718FICaRUCLbRUCLcReadingd1990-10-25eShaukat Osmanl0o821.7 MOE 1958r2014-02-25 00:00:00tC-1w2014-02-25yBK